[Event "183 Stay Safe Play From Home series"]
[Site "T#646406Emanuel Laske"]
[Date "2020.05.28"]
[Round "7"]
[White "Position"]
[Black "Weltszmerc"]
[Result "0-1"]
[WhiteElo "2100"]
[BlackElo "2054"]
[Annotator "TA"]
[PlyCount "82"]
[EventDate "2020.05.28"]
[EventType "swiss (blitz)"]

{[%evp 9,82,30,51,39,31,0,0,0,0,0,3,1,3,-69,-27,-33,-19,-25,-22,-30,0,0,54,47,92,94,80,65,100,95,119,94,127,0,16,0,13,-43,-31,-41,0,0,6,14,14,13,29,6,12,4,10,-8,-8,-10,-14,-234,-160,-170,-143,-236,-241,-215,-172,-171,-183,-404,-420,-419,-222,-215,-112,-197,0,0,29964]} 1. e4 Nf6 2. e5 Nd5 3. d4 d6 4. exd6 cxd6 5. Nf3 Nb6 6. h3 {B04: Alekhine's Defence: 4 Nf3.} g6 7. Bd3 Bg7 8. O-O O-O 9. Bg5 h6 {[#]} 10. Be3 $146 ({Predecessor:} 10. Bh4 Nc6 11. c3 f5 12. Re1 Qc7 13. Qb3+ Kh7 14. d5 Ne5 15. Nxe5 dxe5 16. Nd2 {0-1 (27) Vass,V (2246)-To,N (2426) Budapest 2010}) 10... e5 11. Qd2 (11. Nc3 $11) 11... Kh7 {aiming for ...f5.} 12. dxe5 dxe5 {And now ...f5 would win.} 13. Bc5 Re8 {Hoping for ...N6d7.} 14. Nc3 f5 {Threatens to win with ...e4.} 15. Bb5 $36 {[%mdl 2048] White is pushing.} Qxd2 (15... Nc6 $11) 16. Nxd2 $14 Nc6 {[#]} 17. Bxb6 $1 axb6 18. Nd5 Rb8 19. Nxb6 e4 20. c3 Be6 21. Bc4 ({Better is} 21. Bxc6 $16 bxc6 22. Ndc4) 21... Ne5 $11 22. Bb5 Red8 23. Nb3 (23. Rfd1 $11) 23... Rd6 $15 {[%mdl 1024] Black has compensation.} 24. Na4 Rbd8 25. Nac5 Bc8 26. Nd4 b6 27. Ncb3 Bb7 28. a4 Bd5 29. a5 bxa5 30. Rxa5 Nc4 31. Bxc4 Bxc4 32. Ra7 $2 (32. Rfa1 $11) 32... Bxf1 33. Kxf1 Kh8 34. Ke2 (34. Rb7 $17) 34... Rb6 $19 ({Less strong is} 34... Bxd4 35. Nxd4 Rc8 36. Kd2 $15) 35. Ke3 Bxd4+ 36. Nxd4 Rxb2 {KRR-KRN} 37. Nc6 $2 (37. g4) 37... Rd3+ {[%mdl 64] Double Attack} 38. Kf4 {If White can now play Ke5 this consolidates a bit.} Rxc3 (38... Rxf2+ $142 39. Ke5 Rfd2) 39. Ne7 Rxf2+ {[%mdl 64] Double Attack} 40. Ke5 {[#] intending Kf6.} e3 $2 ({Not} 40... Rxg2 41. Kf6 $11) (40... Rb3 $1 $19 {...e3 is the strong threat.} 41. Nxg6+ Kg8 42. Ne7+ Kf8) 41. Kf6 $11 Rc6+ $2 {[%mdl 40960] Accuracy: White = 66%, Black = 70%. . Loss on time!?} (41... Rxg2 $11 42. Ra8+ Kh7) 0-1

[Event "183 Stay Safe Play From Home series"]
[Site "T#646406Emanuel Laske"]
[Date "2020.05.28"]
[Round "7"]
[White "Don59as"]
[Black "Szoern"]
[Result "0-1"]
[WhiteElo "2080"]
[BlackElo "2043"]
[Annotator "NA RC"]
[PlyCount "130"]
[EventDate "2020.05.28"]
[EventType "swiss (blitz)"]

1. c4 {[%emt 0:00:03]} c5 {[%emt 0:00:02]} 2. Nc3 {[%emt 0:00:05]} Nc6 {[%emt 0:00:01]} 3. e4 {[%emt 0:00:01]} g6 {[%emt 0:00:01]} 4. g3 {[%emt 0:00:00]} d6 {[%emt 0:00:01]} 5. Bg2 {[%emt 0:00:01]} Bg7 {[%emt 0:00:01]} 6. Nge2 {[%emt 0:00:01]} Nf6 {[%emt 0:00:01]} 7. O-O {[%emt 0:00:01]} O-O {[%emt 0:00:01]} 8. d4 {[%emt 0:00:01]} cxd4 {[%emt 0:00:02]} 9. Nxd4 {[%emt 0:00:00]} Bd7 {[%emt 0:00:01]} 10. Nde2 {[%emt 0:00:01]} Rc8 {[%emt 0:00:01]} 11. b3 {[%emt 0:00:01]} Qa5 {[%emt 0:00:02]} 12. Bb2 {[%emt 0:00:01]} a6 {[%emt 0:00:01]} 13. Re1 {[%emt 0:00:07]} b5 {[%emt 0:00:01]} 14. cxb5 {[%emt 0:00:00]} axb5 {[%emt 0:00:00]} 15. Qd2 {[%emt 0:00:05]} b4 {[%emt 0:00:03]} 16. Nd5 {[%emt 0:00:01]} Nxd5 {[%emt 0:00:02]} 17. exd5 {[%emt 0:00:00]} Ne5 {[%emt 0:00:04]} 18. a4 {[%emt 0:00:09]} Bg4 {[%emt 0:00:19]} 19. Nd4 {[%emt 0:00:02]} Qb6 {[%emt 0:00:07]} 20. h3 {[%emt 0:00:06]} Bd7 {[%emt 0:00:05]} 21. f4 {[%emt 0:00:08]} Rc3 {[%emt 0:00:03]} 22. Kh2 {[%emt 0:00:05]} Rd3 {[%emt 0:00:09]} 23. Qf2 {[%emt 0:00:10]} Ng4+ {[%emt 0:00:10]} 24. hxg4 {[%emt 0:00:08]} Bxd4 {[%emt 0:00:01]} 25. Bxd4 {[%emt 0:00:01]} Qxd4 {[%emt 0:00:00]} 26. Qxd4 {[%emt 0:00:04]} Rxd4 {[%emt 0:00:00]} 27. Rxe7 {[%emt 0:00:01]} Bxg4 {[%emt 0:00:01]} 28. Re3 {[%emt 0:00:17]} Rd2 {[%emt 0:00:05]} 29. a5 {[%emt 0:00:04]} Rc8 {[%emt 0:00:02]} 30. Kg1 {[%emt 0:00:07]} Rcc2 {[%emt 0:00:03]} 31. Bf1 {[%emt 0:00:08]} Ra2 {[%emt 0:00:02]} 32. Rxa2 {[%emt 0:00:03]} Rxa2 {[%emt 0:00:00]} 33. a6 {[%emt 0:00:01]} Ra1 {[%emt 0:00:02]} 34. Kg2 {[%emt 0:00:30]} Kg7 {[%emt 0:00:02]} 35. Kf2 {[%emt 0:00:13]} Ra2+ {[%emt 0:00:05]} 36. Ke1 {[%emt 0:00:01]} Kf6 {[%emt 0:00:07]} 37. Bc4 {[%emt 0:00:01]} Bc8 {[%emt 0:00:05]} 38. Re8 {[%emt 0:00:00]} Bxa6 {[%emt 0:00:02]} 39. Ra8 {[%emt 0:00:01]} Bxc4 {[%emt 0:00:02]} 40. Rxa2 {[%emt 0:00:01]} Bxb3 {[%emt 0:00:02]} 41. Rb2 {[%emt 0:00:00]} Bxd5 {[%emt 0:00:01]} 42. Rxb4 {[%emt 0:00:00]} Ke6 {[%emt 0:00:01]} 43. Kf2 {[%emt 0:00:00]} h6 {[%emt 0:00:02]} 44. Rd4 {[%emt 0:00:00]} g5 {[%emt 0:00:01]} 45. Rd2 {[%emt 0:00:00]} gxf4 {[%emt 0:00:01]} 46. Re2+ {[%emt 0:00:00]} Kf5 {[%emt 0:00:02]} 47. gxf4 {[%emt 0:00:00]} Kxf4 {[%emt 0:00:02]} 48. Re7 {[%emt 0:00:00]} h5 {[%emt 0:00:03]} 49. Re8 {[%emt 0:00:01]} h4 {[%emt 0:00:02]} 50. Rh8 {[%emt 0:00:00]} Kg5 {[%emt 0:00:01]} 51. Kg1 {[%emt 0:00:00]} f5 {[%emt 0:00:02]} 52. Kh2 {[%emt 0:00:00]} Bf3 {[%emt 0:00:02]} 53. Rd8 {[%emt 0:00:00]} d5 {[%emt 0:00:02]} 54. Rg8+ {[%emt 0:00:00]} Kf4 {[%emt 0:00:01]} 55. Re8 {[%emt 0:00:01]} Be4 {[%emt 0:00:03]} 56. Rd8 {[%emt 0:00:00]} Ke3 {[%emt 0:00:01]} 57. Kh3 {[%emt 0:00:00]} f4 {[%emt 0:00:01]} 58. Kxh4 {[%emt 0:00:00]} f3 {[%emt 0:00:00]} 59. Kg3 {[%emt 0:00:00]} d4 {[%emt 0:00:01]} 60. Rf8 {[%emt 0:00:00]} d3 {[%emt 0:00:01]} 61. Rd8 {[%emt 0:00:01]} Ke2 {[%emt 0:00:01]} 62. Kh2 {[%emt 0:00:01]} f2 {[%emt 0:00:01]} 63. Re8 {[%emt 0:00:00]} f1=Q {[%emt 0:00:02]} 64. Rxe4+ {[%emt 0:00:00]} Kf3 {[%emt 0:00:01]} 65. Re7 {[%emt 0:00:03]} Qg2# {[%emt 0:00:02] (Lag: Av=0.42s, max=4.4s)} 0-1

[Event "183 Stay Safe Play From Home series"]
[Site "T#646406Emanuel Laske"]
[Date "2020.05.28"]
[Round "7"]
[White "Greblah"]
[Black "Lazieri3"]
[Result "0-1"]
[WhiteElo "1913"]
[BlackElo "2039"]
[Annotator "TA"]
[PlyCount "98"]
[EventDate "2020.05.28"]
[EventType "swiss (blitz)"]

{[%evp 12,97,17,12,25,0,0,0,9,10,10,-20,0,-36,-23,-38,-33,-35,27,14,27,-135,-132,-136,-133,-139,-119,-114,-122,-122,-122,-122,-122,-141,-86,-127,-76,-112,-67,-44,309,-1447,-1434,-1430,-1338,-1386,-1255,-1819,-1678,-12437,-5002,-29985,-29986,-29992,-29993,-29996,-29992,-29992,-29990,-29996,-29985,-29985,-29986,-29986,-29987,-29987,-29988,-29996,-29990,-29990,-29991,-29991,-29992,-29992,-29993,-29993,-29994,-29994,-29995,-29995,-29996,-29996,-29997,-29997,-29997,-29999,-29997,-29999]} 1. e4 c6 2. d4 d5 3. exd5 cxd5 4. Bd3 Nc6 5. Ne2 Nf6 6. c3 Bg4 7. O-O {[#]} Bh5 $146 {B13: Caro-Kann: Exchange Variation and Panov-Botvinnik Attack.} ({Predecessor:} 7... e6 8. Qb3 Qd7 9. Nf4 Bd6 10. h3 Bh5 11. Nxh5 Nxh5 12. Re1 O-O 13. Qd1 Nf4 14. Bc2 Rae8 15. h4 {1-0 (38) Caruana,F (2828)-Thavandiran,S (2410) chess.com INT 2019}) 8. Qe1 Bg6 9. Nf4 Bxd3 {The position is equal.} 10. Nxd3 e6 11. f4 Bd6 12. Ne5 Qc7 13. Nd2 O-O 14. g4 Bxe5 (14... Ne7 $15) 15. fxe5 $11 Nxg4 16. Qg3 $2 {[#]} (16. Nf3 $11) 16... Nh6 $1 $17 17. Nf3 {Hoping for Bxh6.} Nf5 18. Qg4 f6 {[%cal Rf6e5]} 19. Bf4 fxe5 20. Nxe5 Nxe5 21. Bxe5 Qe7 22. Rf3 Rf7 (22... Nh6 $142 23. Rxf8+ Rxf8) 23. Kh1 Raf8 ({Better is} 23... Qh4 24. Qxh4 Nxh4 25. Rxf7 Kxf7) 24. Rg1 Nd6 25. Rfg3 {[%cal Rg4g7] Qxg7+! would kill now.} g6 $2 {[%mdl 8192]} (25... Ne8 $15 {stays ahead.}) 26. Qxg6+ $4 {[%mdl 8192]} (26. Qh5 $18 Rg7 27. Bxg7 Qxg7 {[#]} 28. Rxg6 $1 {[%mdl 576] Demolition} hxg6 29. Rxg6 {[%mdl 64] Double Attack} Rf1+ 30. Kg2) 26... hxg6 $19 27. Rxg6+ Kh7 28. R6g3 {[#]} Rf6 $1 29. Bxf6 Rxf6 30. Rh3+ Rh6 31. Rhg3 Nf5 {Black mates.} 32. R3g2 {[#]} Qh4 $1 33. Re1 Qf4 34. Kg1 Rg6 35. Ree2 Rxg2+ 36. Kxg2 Nh4+ 37. Kh3 Qf3+ 38. Kxh4 Qxe2 {[%mdl 64] Double Attack} 39. h3 Qxb2 40. Kg5 Qxc3 41. Kf6 Qxd4+ 42. Kxe6 Qe4+ 43. Kd6 d4 44. Kc7 d3 45. Kb8 d2 46. Kxa7 d1=Q 47. Kb6 Qda4 {[%csl Ga4,Gb7][%cal Re4c6]} 48. a3 Qxa3 {[%csl Gb7][%cal Re4c6]} 49. h4 Qc6# {Accuracy: White = 45%, Black = 60%.} 0-1

[Event "183 Stay Safe Play From Home series"]
[Site "T#646406Emanuel Laske"]
[Date "2020.05.28"]
[Round "7"]
[White "Kongle"]
[Black "Haris kollari 13"]
[Result "0-1"]
[WhiteElo "1802"]
[BlackElo "1913"]
[Annotator "NA RC"]
[PlyCount "128"]
[EventDate "2020.05.28"]
[EventType "swiss (blitz)"]

1. d4 {[%emt 0:00:02]} d5 {[%emt 0:00:01]} 2. c4 {[%emt 0:00:01]} e5 {[%emt 0:00:01]} 3. dxe5 {[%emt 0:00:03]} d4 {[%emt 0:00:00]} 4. a3 {[%emt 0:00:01]} Nc6 {[%emt 0:00:01]} 5. Nf3 {[%emt 0:00:01]} Bg4 {[%emt 0:00:01]} 6. Bf4 {[%emt 0:00:02]} Nge7 {[%emt 0:00:02]} 7. Nbd2 {[%emt 0:00:01]} Ng6 {[%emt 0:00:01]} 8. Bg3 {[%emt 0:00:00]} Qd7 {[%emt 0:00:02]} 9. h3 {[%emt 0:00:02]} Bh5 {[%emt 0:00:02]} 10. Qa4 {[%emt 0:00:06]} Bxf3 {[%emt 0:00:02]} 11. Nxf3 {[%emt 0:00:03]} Be7 {[%emt 0:00:01]} 12. e4 {[%emt 0:00:04]} dxe3 {[%emt 0:00:11]} 13. fxe3 {[%emt 0:00:02]} Ncxe5 {[%emt 0:00:01]} 14. Qxd7+ {[%emt 0:00:06]} Nxd7 {[%emt 0:00:01]} 15. Bd3 {[%emt 0:00:02]} O-O-O {[%emt 0:00:03]} 16. O-O-O {[%emt 0:00:02]} Bf6 {[%emt 0:00:01]} 17. Bf5 {[%emt 0:00:03]} Ngf8 {[%emt 0:00:06]} 18. h4 {[%emt 0:00:02]} g6 {[%emt 0:00:01]} 19. Bh3 {[%emt 0:00:02]} Kb8 {[%emt 0:00:01]} 20. Rd3 {[%emt 0:00:09]} Nb6 {[%emt 0:00:01]} 21. Rxd8+ {[%emt 0:00:04]} Bxd8 {[%emt 0:00:02]} 22. Be5 {[%emt 0:00:03]} f6 {[%emt 0:00:02]} 23. Bc3 {[%emt 0:00:01]} Nxc4 {[%emt 0:00:04]} 24. Nd4 {[%emt 0:00:04]} f5 {[%emt 0:00:20]} 25. Re1 {[%emt 0:00:03]} Nd7 {[%emt 0:00:02]} 26. g4 {[%emt 0:00:04]} fxg4 {[%emt 0:00:07]} 27. Bxg4 {[%emt 0:00:02]} Ndb6 {[%emt 0:00:01]} 28. Nc6+ {[%emt 0:00:06]} bxc6 {[%emt 0:00:04]} 29. Bxh8 {[%emt 0:00:01]} Bxh4 {[%emt 0:00:01]} 30. Re2 {[%emt 0:00:05]} Nd5 {[%emt 0:00:02]} 31. e4 {[%emt 0:00:04]} Nf4 {[%emt 0:00:01]} 32. Rc2 {[%emt 0:00:02]} Ne3 {[%emt 0:00:06]} 33. Rh2 {[%emt 0:00:12]} Nxg4 {[%emt 0:00:10]} 34. Rxh4 {[%emt 0:00:02]} h5 {[%emt 0:00:01]} 35. e5 {[%emt 0:00:04]} Kc8 {[%emt 0:00:02]} 36. Rh1 {[%emt 0:00:04]} Nd3+ {[%emt 0:00:03]} 37. Kc2 {[%emt 0:00:02]} Ndxe5 {[%emt 0:00:02]} 38. Re1 {[%emt 0:00:07]} Nf7 {[%emt 0:00:07]} 39. Bd4 {[%emt 0:00:07]} Kd7 {[%emt 0:00:01]} 40. Bxa7 {[%emt 0:00:01]} Nd6 {[%emt 0:00:02]} 41. Bc5 {[%emt 0:00:03]} h4 {[%emt 0:00:10]} 42. a4 {[%emt 0:00:02]} h3 {[%emt 0:00:01]} 43. Rh1 {[%emt 0:00:02]} h2 {[%emt 0:00:01]} 44. Bxd6 {[%emt 0:00:01]} cxd6 {[%emt 0:00:01]} 45. a5 {[%emt 0:00:01]} Kc7 {[%emt 0:00:01]} 46. b4 {[%emt 0:00:02]} Kb7 {[%emt 0:00:01]} 47. Kd2 {[%emt 0:00:01]} Ka6 {[%emt 0:00:03]} 48. Ke2 {[%emt 0:00:01]} c5 {[%emt 0:00:01]} 49. Kf3 {[%emt 0:00:01]} Ne5+ {[%emt 0:00:02]} 50. Ke4 {[%emt 0:00:05]} cxb4 {[%emt 0:00:07]} 51. Rxh2 {[%emt 0:00:01]} Kxa5 {[%emt 0:00:01]} 52. Kd5 {[%emt 0:00:04]} b3 {[%emt 0:00:02]} 53. Kxd6 {[%emt 0:00:01]} b2 {[%emt 0:00:04]} 54. Rh1 {[%emt 0:00:06]} Nd3 {[%emt 0:00:01]} 55. Kd5 {[%emt 0:00:02]} Nc1 {[%emt 0:00:01]} 56. Rh8 {[%emt 0:00:07]} Ka4 {[%emt 0:00:06]} 57. Rb8 {[%emt 0:00:03]} Nb3 {[%emt 0:00:02]} 58. Kc4 {[%emt 0:00:01]} b1=Q {[%emt 0:00:03]} 59. Ra8+ {[%emt 0:00:01]} Na5+ {[%emt 0:00:01]} 60. Rxa5+ {[%emt 0:00:02]} Kxa5 {[%emt 0:00:02]} 61. Kd5 {[%emt 0:00:00]} Qf5+ {[%emt 0:00:01]} 62. Kd6 {[%emt 0:00:01]} g5 {[%emt 0:00:01]} 63. Ke7 {[%emt 0:00:00]} g4 {[%emt 0:00:00]} 64. Ke8 {[%emt 0:00:00]} g3 {[%emt 0:00:00] Time (Lag: Av=0.66s, max=5.6s)} 0-1

[Event "183 Stay Safe Play From Home series"]
[Site "T#646406Emanuel Laske"]
[Date "2020.05.28"]
[Round "7"]
[White "Tobo Rubirosa"]
[Black "Dukic"]
[Result "0-1"]
[WhiteElo "1689"]
[BlackElo "1810"]
[Annotator "NA RC"]
[PlyCount "88"]
[EventDate "2020.05.28"]
[EventType "swiss (blitz)"]

1. d4 {[%emt 0:00:03]} d6 {[%emt 0:00:01]} 2. Nf3 {[%emt 0:00:01]} Nd7 {[%emt 0:00:00]} 3. c4 {[%emt 0:00:02]} e5 {[%emt 0:00:00]} 4. Nc3 {[%emt 0:00:01]} Ngf6 {[%emt 0:00:01]} 5. e4 {[%emt 0:00:02]} c6 {[%emt 0:00:01]} 6. Be2 {[%emt 0:00:01]} Be7 {[%emt 0:00:01]} 7. O-O {[%emt 0:00:01]} O-O {[%emt 0:00:01]} 8. h3 {[%emt 0:00:01]} Re8 {[%emt 0:00:01]} 9. Be3 {[%emt 0:00:01]} Bf8 {[%emt 0:00:01]} 10. d5 {[%emt 0:00:04]} c5 {[%emt 0:00:02]} 11. Rb1 {[%emt 0:00:03]} g6 {[%emt 0:00:01]} 12. Nd2 {[%emt 0:00:05]} b6 {[%emt 0:00:05]} 13. b4 {[%emt 0:00:02]} cxb4 {[%emt 0:00:02]} 14. Rxb4 {[%emt 0:00:03]} Nc5 {[%emt 0:00:01]} 15. Qc2 {[%emt 0:00:05]} Bg7 {[%emt 0:00:04]} 16. Nb3 {[%emt 0:00:03]} a5 {[%emt 0:00:09]} 17. Rb5 {[%emt 0:00:09]} Bd7 {[%emt 0:00:03]} 18. a4 {[%emt 0:00:23]} Bxb5 {[%emt 0:00:04]} 19. cxb5 {[%emt 0:00:01]} Nxb3 {[%emt 0:00:06]} 20. Qxb3 {[%emt 0:00:02]} Rc8 {[%emt 0:00:01]} 21. Bg4 {[%emt 0:00:09]} Nxg4 {[%emt 0:00:17]} 22. hxg4 {[%emt 0:00:02]} Bf6 {[%emt 0:00:04]} 23. Nd1 {[%emt 0:00:12]} Bg5 {[%emt 0:00:09]} 24. Bxg5 {[%emt 0:00:04]} Qxg5 {[%emt 0:00:01]} 25. Ne3 {[%emt 0:00:02]} Qf4 {[%emt 0:00:11]} 26. Nc4 {[%emt 0:00:05]} Red8 {[%emt 0:00:28]} 27. Nxb6 {[%emt 0:00:03]} Rc5 {[%emt 0:00:05]} 28. Nc4 {[%emt 0:00:04]} Qxe4 {[%emt 0:00:01]} 29. Nd2 {[%emt 0:00:05]} Qxd5 {[%emt 0:00:02]} 30. Qxd5 {[%emt 0:00:06]} Rxd5 {[%emt 0:00:01]} 31. Ne4 {[%emt 0:00:03]} Rd4 {[%emt 0:00:01]} 32. Nc3 {[%emt 0:00:05]} Rc8 {[%emt 0:00:02]} 33. Ne2 {[%emt 0:00:18]} Rxa4 {[%emt 0:00:01]} 34. Rd1 {[%emt 0:00:01]} Rd8 {[%emt 0:00:06]} 35. b6 {[%emt 0:00:05]} Rb4 {[%emt 0:00:02]} 36. Rd5 {[%emt 0:00:03]} a4 {[%emt 0:00:02]} 37. Ra5 {[%emt 0:00:02]} Rb8 {[%emt 0:00:04]} 38. Nc3 {[%emt 0:00:05]} R8xb6 {[%emt 0:00:03]} 39. Nd5 {[%emt 0:00:01]} Rb1+ {[%emt 0:00:02]} 40. Kh2 {[%emt 0:00:01]} R6b5 {[%emt 0:00:01]} 41. Nf6+ {[%emt 0:00:07]} Kg7 {[%emt 0:00:02]} 42. Ne8+ {[%emt 0:00:01]} Kh6 {[%emt 0:00:07]} 43. g5+ {[%emt 0:00:03]} Kxg5 {[%emt 0:00:02]} 44. f4+ {[%emt 0:00:03]} Kxf4 {[%emt 0:00:01] Tiempo (Lag: Av=0.65s, max=5.2s) .} 0-1

[Event "183 Stay Safe Play From Home series"]
[Site "T#646406Emanuel Laske"]
[Date "2020.05.28"]
[Round "8"]
[White "little champs"]
[Black "Haris kollari 13"]
[Result "1-0"]
[WhiteElo "2266"]
[BlackElo "1925"]
[Annotator "NA RC"]
[PlyCount "41"]
[EventDate "2020.05.28"]
[EventType "swiss (blitz)"]

1. d4 {[%emt 0:00:05]} d5 {[%emt 0:00:01]} 2. e3 {[%emt 0:00:02]} c5 {[%emt 0:00:01]} 3. dxc5 {[%emt 0:00:01]} e5 {[%emt 0:00:01]} 4. c4 {[%emt 0:00:01]} d4 {[%emt 0:00:05]} 5. exd4 {[%emt 0:00:01]} exd4 {[%emt 0:00:01]} 6. Nf3 {[%emt 0:00:01]} Bxc5 {[%emt 0:00:03]} 7. Bd3 {[%emt 0:00:01]} Nc6 {[%emt 0:00:01]} 8. O-O {[%emt 0:00:01]} Nf6 {[%emt 0:00:01]} 9. a3 {[%emt 0:00:00]} a5 {[%emt 0:00:02]} 10. Bg5 {[%emt 0:00:03]} Be6 {[%emt 0:00:01]} 11. Nbd2 {[%emt 0:00:02]} O-O {[%emt 0:00:01]} 12. Ne4 {[%emt 0:00:02]} Be7 {[%emt 0:00:02]} 13. Re1 {[%emt 0:00:01]} h6 {[%emt 0:00:01]} 14. Bh4 {[%emt 0:00:02]} g5 {[%emt 0:00:01]} 15. Bg3 {[%emt 0:00:01]} g4 {[%emt 0:00:01]} 16. Ne5 {[%emt 0:00:02]} h5 {[%emt 0:00:14]} 17. Qd2 {[%emt 0:00:07]} Nxe4 {[%emt 0:00:07]} 18. Bxe4 {[%emt 0:00:05]} Nxe5 {[%emt 0:00:03]} 19. Bxe5 {[%emt 0:00:01]} Bxc4 {[%emt 0:00:08]} 20. Qh6 {[%emt 0:00:02]} f6 {[%emt 0:00:11]} 21. Qh7# {[%emt 0:00:03] (Lag: Av=0.61s, max=1.2s)} 1-0

[Event "183 Stay Safe Play From Home series"]
[Site "T#646406Emanuel Laske"]
[Date "2020.05.28"]
[Round "8"]
[White "Weltszmerc"]
[Black "Lazieri3"]
[Result "1-0"]
[WhiteElo "2074"]
[BlackElo "2050"]
[Annotator "TA"]
[PlyCount "71"]
[EventDate "2020.05.28"]
[EventType "swiss (blitz)"]

{[%evp 9,71,11,17,10,27,22,54,58,77,78,121,111,149,156,149,145,196,202,194,195,192,164,160,152,162,157,160,166,157,155,186,199,188,146,216,216,218,203,232,211,210,153,146,138,120,129,197,181,278,287,376,376,352,352,393,399,754,279,750,743,5683,5695,29994,29995]} 1. d4 c6 2. c4 d5 3. Nf3 Bf5 4. Qb3 Qb6 5. c5 Qxb3 6. axb3 {[%cal Ba2b3,Bb3b4][%mdl 32] D11: Slav Defence: 3 Nf3 sidelines and 3...Nf6 4 e3 Bg4.} Nd7 7. b4 f6 8. Nc3 {White is slightly better.} e5 9. e3 {[#]} e4 $146 ({Predecessor:} 9... Be7 10. b5 Bd8 11. b4 Ne7 12. bxc6 bxc6 13. b5 exd4 14. exd4 cxb5 15. Bxb5 {½-½ (36) Kelecevic,N (2390)-Arapovic,V (2370) Sarajevo 1982}) 10. Nd2 a6 {[#]} 11. b5 $1 {[%mdl 512]} cxb5 {[#]} (11... axb5 12. Rxa8+) 12. Bxb5 $1 {[%mdl 512]} Be6 (12... Ne7 $16 13. Ba4 g6) (12... axb5 13. Rxa8+) 13. c6 $18 bxc6 14. Bxc6 {[%mdl 64] Double Attack} Rc8 15. Bxd5 Bxd5 16. Nxd5 f5 17. O-O Ngf6 18. Nxf6+ Nxf6 19. Rxa6 Be7 20. b3 O-O 21. Nc4 Bb4 (21... Ra8 $16 {was worth a try.} 22. Re6 Kf7) 22. Ba3 Bxa3 23. Rxa3 Nd5 24. Ra7 Rb8 25. Na5 f4 26. exf4 Nxf4 27. Re1 Rbc8 (27... Ra8 $16 {was called for.} 28. Nc6 Rxa7 29. Nxa7 Nd3 30. Rxe4 Rxf2) 28. h3 Nd3 (28... Rfe8 $142 29. Nc4 Rcd8) 29. Rxe4 {And now Ree7 would win.} Ra8 30. Rxa8 Rxa8 {[%mdl 4096] Endgame KRN-KRN} 31. Nc6 Ra1+ 32. Kh2 Nxf2 $2 (32... g5 33. d5 Rc1) 33. Re7 $2 (33. Rf4 {Ne7+ would kill now.} g6 34. Rxf2) 33... Nd3 $2 (33... Kf8 34. Re3 Rh1+ 35. Kg3 Rc1) 34. d5 Rb1 35. d6 {White wants to mate with d7.} Rxb3 36. d7 {Accuracy: White = 77%, Black = 30%.} 1-0

[Event "183 Stay Safe Play From Home series"]
[Site "T#646406Emanuel Laske"]
[Date "2020.05.28"]
[Round "8"]
[White "Szoern"]
[Black "Position"]
[Result "0-1"]
[WhiteElo "2062"]
[BlackElo "2081"]
[Annotator "TA"]
[PlyCount "110"]
[EventDate "2020.05.28"]
[EventType "swiss (blitz)"]

{[%evp 9,109,-82,-20,-103,-72,-113,-103,-165,-142,-153,-148,-154,-156,-149,-149,-261,-199,-299,-220,-353,-347,-484,-487,-458,-292,-649,-631,-684,-675,-676,-627,-833,-837,-793,-600,-841,-837,-818,-812,-795,-789,-1108,-1073,-1045,-1074,-1065,-1043,-5094,-1947,-3964,-5310,-2625,-1688,-2109,-2058,-1831,-1810,-1348,-1168,-1212,-1209,-1398,-1406,-1377,-1368,-1284,-1301,-1314,-1251,-1560,-1590,-1445,-1499,-1765,-1587,-29974,-29975,-29975,-29976,-12795,-12795,-29987,-29988,-29991,-29992,-29992,-29992,-29992,-29993,-29995,-29996,-29996,-29993,-29997,-29996,-29998,-29997,-29998,-29996,-29998,-29999,-29999]} 1. d4 Nf6 2. Bf4 d5 3. f3 e6 4. Nd2 {[#]} Bd6 $146 ({Predecessor:} 4... Nbd7 5. e4 dxe4 6. fxe4 c5 7. c3 b6 8. Bb5 Bb7 9. Ngf3 Bxe4 10. Nxe4 Nxe4 {0-1 (20) Kubosova,J (1476)-Novotna,B (1455) Kouty nad Desnou 2010}) 5. Bxd6 cxd6 ({Black should try} 5... Qxd6 $17 6. e3 e5) 6. e4 {D00: 1 d4 d5: Unusual lines.} (6. e3 $11 {keeps the balance.}) 6... Qb6 7. Nb3 dxe4 8. Qe2 (8. fxe4 $17 {might work better.} e5 9. Nf3) 8... exf3 9. Nxf3 O-O 10. O-O-O a5 {[%cal Ba7a5,Ba5a4][%mdl 32]} 11. Kb1 a4 12. Nc1 (12. Nbd2 $17) 12... Nc6 13. c3 (13. a3 {is a better defense.}) 13... Re8 14. g4 (14. Qb5 {was worth a try.} Qc7 15. Be2) 14... e5 (14... Nxg4 $2 15. Rg1 $19) 15. d5 Bxg4 16. dxc6 e4 17. Qd2 $2 (17. Qb5 Qa7 18. cxb7) 17... Bxf3 $19 18. Be2 Bxh1 19. Rxh1 Qxc6 20. Qg5 Re5 21. Qg3 h6 22. Rg1 {[%csl Gg1][%cal Rg3g7]} Rg5 23. Qf2 Rxg1 24. Qxg1 a3 25. Nb3 axb2 {Threatens to win with ...Nd5.} 26. Kxb2 Qa4 27. Nc1 Qa3+ 28. Kb1 Qxc3 29. Qb6 Rc8 {[%csl Gc8][%cal Rc3c1]} 30. Qb2 d5 31. Qxc3 Rxc3 {[%mdl 4096] Endgame KRN-KBN} 32. Nb3 Re3 33. Bb5 Ng4 34. Kc2 Nxh2 35. Nd4 Nf3 36. Nf5 Ra3 37. Kb2 Ra5 38. a4 Kf8 39. Kc3 h5 40. Kb4 Ra8 41. Kc5 Rd8 42. Nd6 {[#]} Rxd6 $1 {[%mdl 64] Deflection} 43. Kxd6 {KB-KN} d4 44. a5 d3 45. Bc6 d2 {Black mates.} 46. Bxe4 d1=Q+ 47. Kc7 Ng5 48. Bxb7 Ne6+ 49. Kb8 Qd8+ 50. Ka7 {[#]} Qc7 $1 51. a6 Nc5 52. Ka8 Ke7 53. Ka7 Kd6 54. Ka8 Nd7 {[%csl Gd7][%cal Rc7b8]} 55. a7 Nb6# {White got outplayed after the opening. Accuracy: White = 16%, Black = 63%.} 0-1

[Event "183 Stay Safe Play From Home series"]
[Site "T#646406Emanuel Laske"]
[Date "2020.05.28"]
[Round "8"]
[White "Don59as"]
[Black "Indianquant"]
[Result "0-1"]
[WhiteElo "2061"]
[BlackElo "2261"]
[Annotator "NA RC"]
[PlyCount "34"]
[EventDate "2020.05.28"]
[EventType "swiss (blitz)"]

1. c4 {[%emt 0:00:04]} e5 {[%emt 0:00:01]} 2. Nc3 {[%emt 0:00:01]} Bb4 {[%emt 0:00:01]} 3. Qc2 {[%emt 0:00:02]} Bxc3 {[%emt 0:00:03]} 4. Qxc3 {[%emt 0:00:00]} Nc6 {[%emt 0:00:01]} 5. g3 {[%emt 0:00:13]} f5 {[%emt 0:00:02]} 6. Bg2 {[%emt 0:00:06]} Nf6 {[%emt 0:00:01]} 7. e3 {[%emt 0:00:00]} O-O {[%emt 0:00:02]} 8. Ne2 {[%emt 0:00:01]} e4 {[%emt 0:00:00]} 9. d3 {[%emt 0:00:02]} d6 {[%emt 0:00:13]} 10. O-O {[%emt 0:00:08]} Ne5 {[%emt 0:00:09]} 11. dxe4 {[%emt 0:00:11]} fxe4 {[%emt 0:00:00]} 12. Nf4 {[%emt 0:00:11]} Bg4 {[%emt 0:00:02]} 13. c5 {[%emt 0:00:05]} g5 {[%emt 0:00:13]} 14. Qb3+ {[%emt 0:00:03]} d5 {[%emt 0:00:03]} 15. h3 {[%emt 0:00:06]} gxf4 {[%emt 0:00:06]} 16. hxg4 {[%emt 0:00:01]} f3 {[%emt 0:00:02]} 17. g5 {[%emt 0:00:06]} fxg2 {[%emt 0:00:04] Don59as resigns (Lag: Av=0.61s, max=0.7s)} 0-1